000 02238cam0 2200421 ib4500
001 BY-HO0009-br277022
005 20260425092714.0
010 ^a978-5-353-10238-0
^bв переплете
^d8,20р.
100 ^a20230208d2022 d y0rusy50 ca
101 1 ^arus
^ceng
102 ^aRU
105 ^aao z 000oy
109 ^ama
200 1 ^aАлиса в Зазеркалье
^e[сказочная повесть
^eдля среднего школьного возраста]
^fЛьюис Кэрролл
^gхудожник М. Митрофанов
^g[перевод с английского Н. Демуровой
^gстихи в переводах С. Маршака, Д. Орловской]
210 ^aМосква
^cРосмэн
^d2022
215 ^a155, [2] с.
^cил., [8] л. цв. ил.
^d20 см
225 1 ^aСерия "Внеклассное чтение"
333 ^a6+
345 ^a20 000 экз.
606 0 ^aХУДОЖЕСТВЕННАЯ ЛИТЕРАТУРА
^3BY-NLB-ar37179
^2DVNLB
606 0 ^aАНГЛИЙСКАЯ ЛИТЕРАТУРА
^3BY-NLB-ar2468
^2DVNLB
608 ^3BY-NLB-ar9019
^aДЕТСКАЯ И ЮНОШЕСКАЯ ЛИТЕРАТУРА (художеств. произведение)
^2BYGNR
608 ^3BY-NLB-ar3140829
^aСКАЗОЧНАЯ ПОВЕСТЬ
^2BYGNR
686 ^a84(4Вел)
^2rubbk
690 ^a1
^9BY-MI0011
^2Base
^xRSEK
700 1 ^3BY-NLB-ar103230
^aКэрролл
^bЛ.
^gЛьюис
^cписатель
^f1832—1898
702 1 ^3BY-SEK-436558
^aДемурова
^bН. М.
^gНина Михайловна
^cдоктор филологических наук
^fрод. 1930
^4730
702 1 ^3BY-NLB-ar122307
^aМаршак
^bС. Я.
^gСамуил Яковлевич
^f1887—1964
^4730
702 1 ^3BY-SEK-ar13370638
^aМитрофанов
^bМ. С.
^gМаксим Сергеевич
^cхудожник
^4440
702 1 ^3BY-SEK-415442
^aОрловская
^bД. Д.
^gДиана Дмитриевна
^4730
801 0 ^aBY
^bBY-HO0009
^c20230208
^gRCR
801 2 ^aBY
^bBY-MA0022
^c20240126
^gRCR
801 2 ^aBY
^bBY-MI0011
^c20260425
^gRCR
035 ^a(BY-MI0011)BY-HO0009-br277022
899 0 ^aBY-MI0011
^iК98
^h84(4/8)